Hotovost je (zatím) nenahraditelná
Význam a rola hotovosti v ekonomike, bankách a finančnom systéme. Trendy v oblasti hotovosti. Hotovosť ako zdroj výnosov bánk. Faktory pôsobiace proti hotovosti. Anonymita hotovosti a tieňová ekonomika. Výskumy "cash economy" v Austrálii a v Rusku.
Gespeichert in:
| 1. Verfasser: | |
|---|---|
| Format: | Buchkapitel |
| Sprache: | Tschechisch |
| Schlagworte: | |
| Tags: |
Keine Tags, Fügen Sie das erste Tag hinzu!
|
MARC
| LEADER | 00000naa$a2200000$$$4500 | ||
|---|---|---|---|
| 001 | 0007986 | ||
| 005 | 20231010083101.5 | ||
| 041 | 0 | |a cze | |
| 044 | |a CZ | ||
| 245 | 1 | 0 | |a Hotovost je (zatím) nenahraditelná |c aut. Karel Machala |
| 520 | |a Význam a rola hotovosti v ekonomike, bankách a finančnom systéme. Trendy v oblasti hotovosti. Hotovosť ako zdroj výnosov bánk. Faktory pôsobiace proti hotovosti. Anonymita hotovosti a tieňová ekonomika. Výskumy "cash economy" v Austrálii a v Rusku. | ||
| 610 | 2 | 0 | |a hotovosť |
| 610 | 2 | 0 | |a systémy platobné |
| 610 | 2 | 0 | |a platby v hotovosti |
| 610 | 2 | 0 | |a banky |
| 610 | 2 | 0 | |a zdroje finančné |
| 610 | 2 | 0 | |a ekonomika tieňová |
| 610 | 2 | 0 | |a únik daňový |
| 100 | 1 | |a Machala, Karel | |